Vyhláška Ministerstva spravodlivosti Slovenskej republiky, ktorou sa vykonáva zákon č. 36/1967 Zb. o znalcoch a tlmočníkoch
Vyhláška Ministerstva spravodlivosti SR, ktorou sa vykonáva zákon č. 36/1967 Zb. o znalcoch a tlmočníkoch a ktorá nadobúda účinnosť 1. 9. 1996. Riadenie znaleckej a tlmočníckej činnosti. Odmeňovanie znalcov alebo tlmočníkov.
Guardado en:
| Formato: | Capítulo de libro |
|---|---|
| Lenguaje: | eslovaco |
| Materias: | |
| Etiquetas: |
Sin Etiquetas, Sea el primero en etiquetar este registro!
|
MARC
| LEADER | 00000naa a2200000 4500 | ||
|---|---|---|---|
| 001 | r021764 | ||
| 005 | 20230801105308.7 | ||
| 041 | 0 | |a slo | |
| 044 | |a SK | ||
| 245 | 1 | 0 | |a Vyhláška Ministerstva spravodlivosti Slovenskej republiky, ktorou sa vykonáva zákon č. 36/1967 Zb. o znalcoch a tlmočníkoch |
| 520 | |a Vyhláška Ministerstva spravodlivosti SR, ktorou sa vykonáva zákon č. 36/1967 Zb. o znalcoch a tlmočníkoch a ktorá nadobúda účinnosť 1. 9. 1996. Riadenie znaleckej a tlmočníckej činnosti. Odmeňovanie znalcov alebo tlmočníkov. | ||
| 610 | 2 | 0 | |a Slovensko |
| 610 | 2 | 0 | |a 1996 |
| 610 | 2 | 0 | |a vyhlášky |
| 610 | 2 | 0 | |a zákony |
| 610 | 2 | 0 | |a znalci |
| 610 | 2 | 0 | |a tlmočníci |
| 610 | 2 | 0 | |a riadenie |
| 610 | 2 | 0 | |a odmeňovanie |